[Event "Challenge"]
[Site "http://www.queenalice.com/game.php?id=1210405"]
[Date "2013.8.22"]
[Round "-"]
[White "CarlosOlivas"]
[Black "snebur1956"]
[Result "1-0"]
[WhiteElo "2471"]
[BlackElo "2372"]

1. d4 d5 2. c4 e6 3. Nc3 c6 4. Nf3 dxc4 5. a4 Bb4 6. e3 b5 7. Bd2 Qe7 8. axb5
Bxc3 9. Bxc3 cxb5 10. d5 Nf6 11. d6 Qb7 12. b3 cxb3 13. Qxb3 a6 14. Be2 Nbd7 15.
O-O O-O 16. Qb2 Qb8 17. Ne5 Re8 18. Rfd1 Nxe5 19. Bxe5 Nd7 20. Bxg7 e5 21. Bh6
Re6 22. Bg5 Rg6 23. Be7 Bb7 24. g3 1-0

[Event "Challenge"]
[Site "http://www.queenalice.com/game.php?id=1210408"]
[Date "2013.8.22"]
[Round "-"]
[White "snebur1956"]
[Black "denisan"]
[Result "1-0"]
[WhiteElo "2364"]
[BlackElo "2160"]

1. e4 e5 2. Nf3 Nc6 3. Bb5 a6 4. Ba4 Nf6 5. O-O Nxe4 6. d4 b5 7. Bb3 d5 8. dxe5
Be6 9. c3 Bc5 10. Qe2 O-O 11. Be3 Bxe3 12. Qxe3 Qd7 13. Nd4 Nc5 14. Bc2 f5 15.
exf6 Rxf6 16. Nxb5 Rb8 17. N1a3 1-0

[Event "Challenge"]
[Site "http://www.queenalice.com/game.php?id=1210409"]
[Date "2013.8.22"]
[Round "-"]
[White "denisan"]
[Black "snebur1956"]
[Result "0-1"]
[WhiteElo "2166"]
[BlackElo "2358"]

1. e4 e5 2. f4 exf4 3. Bc4 Nf6 4. d3 d5 5. exd5 Nxd5 6. Nf3 Be6 7. Bxd5 Qxd5 8.
Bxf4 Qd7 9. Nc3 Nc6 10. Qd2 O-O-O 11. O-O-O Bb4 12. a3 Ba5 13. Kb1 f6 14. Be3
Rhe8 15. b4 Bb6 0-1

[Event "Challenge"]
[Site "http://www.queenalice.com/game.php?id=1210416"]
[Date "2013.8.22"]
[Round "-"]
[White "snebur1956"]
[Black "shogun"]
[Result "0-1"]
[WhiteElo "2354"]
[BlackElo "2550"]

1. e4 c5 2. Nf3 d6 3. d4 cxd4 4. Nxd4 Nf6 5. Nc3 a6 6. Be2 e5 7. Nb3 Be7 8. O-O
O-O 9. Be3 Be6 10. Qd2 Nbd7 11. a4 Rc8 12. f3 Nb6 13. a5 Nc4 14. Bxc4 Bxc4 15.
Rfd1 Rc6 16. Bb6 Qc8 0-1

[Event "Challenge"]
[Site "http://www.queenalice.com/game.php?id=1210417"]
[Date "2013.8.22"]
[Round "-"]
[White "shogun"]
[Black "snebur1956"]
[Result "0-1"]
[WhiteElo "2486"]
[BlackElo "2356"]

1. e4 e5 2. Nf3 Nc6 3. Bb5 a6 4. Ba4 Nf6 5. O-O Nxe4 6. d4 b5 7. Bb3 d5 8. dxe5
Be6 9. Nbd2 Nc5 10. c3 Nxb3 11. Nxb3 Be7 12. Nbd4 Nxd4 13. Nxd4 Qd7 14. Nxe6
Qxe6 15. Be3 O-O 16. Re1 c6 17. f4 f6 18. exf6 Qxf6 19. Bd4 Qf7 20. g3 Rae8 21.
Qd3 Bf6 22. Bc5 Rxe1+ 23. Rxe1 Re8 24. Rxe8+ Qxe8 25. Kf2 Kf7 0-1

[Event "Challenge"]
[Site "http://www.queenalice.com/game.php?id=1213880"]
[Date "2013.9.2"]
[Round "-"]
[White "snebur1956"]
[Black "Derik_vd_Heever"]
[Result "1-0"]
[WhiteElo "2344"]
[BlackElo "1409"]

1. e4 e6 2. d4 d5 3. Nd2 Nc6 4. Ngf3 Nf6 5. e5 Ne4 6. c3 Be7 7. Bd3 Ng5 8. Nxg5
Bxg5 9. Nf3 Bxc1 10. Rxc1 O-O 11. Qc2 f6 12. Bxh7+ Kh8 13. Qg6 Ne7 14. Qh5 Nf5
15. Bxf5+ Kg8 16. Bh7+ Kh8 17. Bg6+ Kg8 18. Qh7# 1-0

[Event "Challenge"]
[Site "http://www.queenalice.com/game.php?id=1213881"]
[Date "2013.9.2"]
[Round "-"]
[White "Derik_vd_Heever"]
[Black "snebur1956"]
[Result "0-1"]
[WhiteElo "1409"]
[BlackElo "2346"]

1. e4 e5 2. Nf3 Nc6 3. d3 Nf6 4. Nc3 Be7 5. Be3 d5 6. Qe2 d4 7. Nd5 dxe3 8. Qxe3
Nxd5 9. exd5 Qxd5 10. O-O-O Qxa2 11. Nxe5 Qa1+ 12. Kd2 Qa5+ 13. c3 Qxe5 14. f4
Qxe3+ 15. Kxe3 Bg4 16. Be2 Bxe2 17. Kxe2 O-O 18. Rhe1 Rfe8 19. Ra1 Bh4+ 20. Kd1
Rxe1+ 21. Kc2 Rxa1 0-1

[Event "Challenge"]
[Site "http://www.queenalice.com/game.php?id=1213884"]
[Date "2013.9.2"]
[Round "-"]
[White "snebur1956"]
[Black "BlackKnight72"]
[Result "1-0"]
[WhiteElo "2345"]
[BlackElo "1650"]

1. e4 e6 2. d4 d5 3. Nd2 dxe4 4. Nxe4 Nd7 5. Nf3 c5 6. dxc5 Qa5+ 7. c3 Ngf6 8.
b4 Qc7 9. Qd4 Be7 10. Nd6+ Bxd6 11. cxd6 Qd8 12. Bg5 O-O 13. Be2 Re8 14. Ne5 Qb6
15. Qxb6 Nxb6 16. c4 Ne4 17. Be7 Nc3 18. Bh5 g6 19. Bf3 Rb8 20. Bf6 Bd7 21. c5
Nc8 22. Nxd7 1-0

[Event "Challenge"]
[Site "http://www.queenalice.com/game.php?id=1213885"]
[Date "2013.9.2"]
[Round "-"]
[White "BlackKnight72"]
[Black "snebur1956"]
[Result "0-1"]
[WhiteElo "1624"]
[BlackElo "2347"]

1. Nf3 Nf6 2. g3 d5 3. Bg2 c6 4. O-O a5 5. Ne5 Bf5 6. d3 Nbd7 7. Nxd7 Qxd7 8.
Nd2 e5 9. e3 e4 10. dxe4 dxe4 11. c3 a4 12. Qc2 Qe6 13. Rd1 Be7 14. a3 O-O 15.
Nf1 b5 16. Bd2 Bg4 17. Re1 Rfd8 18. Rac1 Qc4 19. h3 Be2 20. Nh2 Bd3 21. Qd1 Qa2
22. Bf1 Qxb2 23. Bxd3 Rxd3 24. Re2 Rad8 25. Rc2 Qb3 26. Qc1 Bxa3 27. Qd1 Rxc3
0-1

[Event "Challenge"]
[Site "http://www.queenalice.com/game.php?id=1290443"]
[Date "2014.6.25"]
[Round "-"]
[White "snebur1956"]
[Black "Tuhers"]
[Result "1-0"]
[WhiteElo "2355"]
[BlackElo "2123"]

1. e4 c5 2. Nf3 d6 3. d4 cxd4 4. Nxd4 Nf6 5. Nc3 a6 6. Be2 e5 7. Nb3 Be7 8. O-O
O-O 9. Be3 Be6 10. Qd2 Nbd7 11. f3 b5 12. Rad1 Nb6 13. Bd3 Nc4 14. Bxc4 bxc4 15.
Nc1 Rb8 16. b3 Qc8 17. N1e2 Qc7 18. Bg5 cxb3 19. cxb3 Rfd8 20. f4 Bg4 21. Bxf6
Bxf6 22. Nd5 Qa7+ 23. Kh1 Bh4 24. Rc1 Rdc8 25. Rxc8+ Rxc8 26. f5 Kh8 27. h3 Bxe2
28. Qxe2 f6 29. b4 Bg5 30. Rb1 Bh4 31. Kh2 Bf2 32. Rb2 Bg1+ 33. Kh1 Bd4 34. Rc2
Qd7 35. Rc4 Rb8 36. Qc2 Rf8 37. Kh2 Rb8 38. Rc7 Qe8 39. Qc4 Ra8 40. a4 a5 41. b5
Qg8 42. Qc6 Qd8 43. b6 Rb8 44. b7 g5 45. Nxf6 Qxf6 46. Qd7 Kg8 47. Rc8+ Rxc8 48.
bxc8=Q+ Qf8 49. f6 1-0

[Event "Challenge"]
[Site "http://www.queenalice.com/game.php?id=1290444"]
[Date "2014.6.25"]
[Round "-"]
[White "Tuhers"]
[Black "snebur1956"]
[Result "0-1"]
[WhiteElo "2128"]
[BlackElo "2350"]

1. e4 e5 2. Nf3 Nc6 3. Bb5 a6 4. Ba4 Nf6 5. O-O Nxe4 6. d4 b5 7. Bb3 d5 8. dxe5
Be6 9. Nbd2 Be7 10. c3 O-O 11. Bc2 f5 12. Nd4 Nxd4 13. cxd4 Qd7 14. Nb3 a5 15.
Bf4 a4 16. Nd2 g5 17. Nxe4 dxe4 18. Be3 Bd5 19. Qh5 f4 20. Bd2 Ra6 21. Rfe1 Bf7
22. Qd1 Qxd4 23. Rxe4 Qxb2 24. Re1 Rd8 25. Rb1 Qxa2 26. Qc1 Ba3 27. Bxh7+ Kg7
28. Qxc7 Rxd2 29. Be4 Qc4 30. Qb7 Rh6 31. h3 Bc5 32. Rf1 a3 33. Qxb5 Rxf2 34.
Qxc4 Rxf1+ 35. Kxf1 Bxc4+ 36. Ke1 a2 37. Rb7+ Kf8 38. Rb8+ Ke7 39. Rb7+ Ke6 40.
Rb1 Rxh3 41. gxh3 axb1=Q+ 42. Bxb1 f3 43. Kd2 f2 44. Kc3 f1=Q 45. Bg6 Qc1+ 46.
Bc2 Bb5 47. h4 gxh4 0-1

[Event "Challenge"]
[Site "http://www.queenalice.com/game.php?id=1290445"]
[Date "2014.6.25"]
[Round "-"]
[White "snebur1956"]
[Black "hatu"]
[Result "1-0"]
[WhiteElo "2360"]
[BlackElo "2128"]

1. e4 c5 2. Nf3 d6 3. d4 cxd4 4. Nxd4 Nf6 5. Nc3 g6 6. Be3 Bg7 7. f3 Nc6 8. Qd2
O-O 9. Bc4 Bd7 10. O-O-O Rc8 11. Nxc6 Bxc6 12. Bb3 b5 13. Bxa7 Qa5 14. Be3 b4
15. Ne2 Ba4 16. Kb1 Bxb3 17. cxb3 Ra8 18. Nc1 Rfc8 19. Bd4 e5 20. Be3 Rc6 21.
Bg5 Nh5 22. g3 Nf6 23. Rhf1 Ra7 24. g4 Nd7 25. Qd5 Qa6 26. Be3 Ra8 27. Rf2 Re8
28. Rc2 Rxc2 29. Kxc2 Rc8+ 30. Kb1 Bf8 31. Qd2 Rb8 32. h4 Be7 33. h5 Qc6 34.
hxg6 fxg6 35. Nd3 Qb5 36. Ne1 Rf8 37. Rc1 Rb8 38. Rc7 Kf7 39. Rc4 Qa5 40. Nc2
Nb6 41. Bxb6 Qxb6 42. Nxb4 Qa5 43. Qh6 Rh8 44. a4 Qb6 45. Nd5 Qxb3 46. Rc7 Qd1+
47. Qc1 Qxc1+ 48. Kxc1 Re8 49. a5 h5 50. gxh5 gxh5 51. Rxe7+ Rxe7 52. Nxe7 Kxe7
53. a6 h4 54. a7 h3 55. a8=Q h2 56. Qh8 Ke6 57. Qxh2 Kd7 58. Qc2 Kd8 59. b4 Kd7
60. b5 1-0

[Event "Challenge"]
[Site "http://www.queenalice.com/game.php?id=1290446"]
[Date "2014.6.25"]
[Round "-"]
[White "hatu"]
[Black "snebur1956"]
[Result "0-1"]
[WhiteElo "2121"]
[BlackElo "2345"]

1. d4 Nf6 2. c4 g6 3. Nc3 Bg7 4. e4 d6 5. f3 O-O 6. Be3 e5 7. d5 Nh5 8. Qd2 Bd7
9. O-O-O f5 10. c5 f4 11. Bf2 Bf6 12. Bc4 Kh8 13. Nge2 Bh4 14. Bxh4 Qxh4 15.
cxd6 cxd6 16. Qc2 Qd8 17. Qb3 Na6 18. Qxb7 Nc5 19. Qb4 a5 20. Qa3 Rb8 21. Kb1
Rb4 22. Bd3 Qg5 23. Rhg1 Rfb8 24. Ka1 a4 25. Rd2 Qh4 26. g4 fxg3 27. hxg3 Qg5
28. f4 Qf6 29. fxe5 Qxe5 30. Nc1 Nxg3 31. Rdg2 Nh5 32. Bb1 Nf4 33. Rd2 Kg7 34.
Rh1 h5 35. Rdh2 Bg4 36. Rd2 g5 37. Re1 Bf3 38. Rf2 g4 39. Rd2 Ng2 40. Rg1 Ne3
41. Bd3 Bxe4 42. Nxe4 Rxb2 43. Rxb2 Nxd3 44. Qc3 Nxb2 45. Qxe5+ dxe5 46. a3 Nbd1
47. Rh1 Nc2+ 48. Ka2 Rb2# 0-1